| 000 | 00779nam a2200205 u 4500 | ||
|---|---|---|---|
| 005 | 20240919063851.0 | ||
| 008 | 111206s2010 mx r 000 0 spa d | ||
| 020 | _a9786074012798 | ||
| 035 | _aUPN01000182811 | ||
| 049 | _aCG | ||
| 050 | 4 |
_aJS2111 _bC3.6 |
|
| 245 | 0 | 0 |
_aCapacidades institucionales para el desarrollo humano : _bconceptos, índices y políticas públicas / _ccoord. David Gómez Alvarez. |
| 260 |
_aMéxico : _bLXI H. Cámara de Diputados, LXI Legislatura : _bM. A. Porrúa, _c2010. |
||
| 300 |
_a658 p. : _bgráfs., cuadros |
||
| 440 | 0 |
_aConocer para decidir. _pPolíticas públicas |
|
| 650 | 4 |
_aGOBIERNO LOCAL - _zMEXICO _916914 |
|
| 651 | 4 |
_aMéxico _xPolítica y gobierno _94512 |
|
| 700 | 1 |
_aGómez Alvarez, David, _d1972- _ecoord. _936495 |
|
| 905 | _aLibro | ||
| 999 |
_c154914 _d154914 |
||